000 00305nam a22001337a 4500
008 171016b xxu||||| |||| 00| 0 eng d
020 _a9780071318112
041 _aeng
080 _23 ED
_a331.101.262
100 _a52
101 _aBNJ
245 _aORGANIZATION BEHAVIOR
_cLEPINE.C
942 _2udc
_cBK
999 _c34212
_d34212